Bhojpuri shabda sampada: (Record no. 180075)
[ view plain ]
| 000 -LEADER | |
|---|---|
| fixed length control field | 00592nam a2200217Ia 4500 |
| 003 - CONTROL NUMBER IDENTIFIER | |
| control field | OSt |
| 005 - DATE AND TIME OF LATEST TRANSACTION | |
| control field | 20250207160219.0 |
| 008 - FIXED-LENGTH DATA ELEMENTS--GENERAL INFORMATION | |
| fixed length control field | 210707s1981 xx 000 0 und d |
| 040 ## - CATALOGING SOURCE | |
| Transcribing agency | AL |
| 041 ## - LANGUAGE CODE | |
| Language code of text/sound track or separate title | hin |
| 082 ## - DEWEY DECIMAL CLASSIFICATION NUMBER | |
| Classification number | H491.3 BAHB |
| 100 ## - MAIN ENTRY--PERSONAL NAME | |
| Personal name | BAHRI (Hardev) |
| 9 (RLIN) | 198421 |
| 110 ## - MAIN ENTRY--CORPORATE NAME | |
| Subordinate unit | बहरी (हरदेव) |
| 9 (RLIN) | 198422 |
| 245 ## - TITLE STATEMENT | |
| Title | Bhojpuri shabda sampada: |
| Remainder of title | भोजपूरी शब्द संपदा |
| 260 ## - PUBLICATION, DISTRIBUTION, ETC. | |
| Place of publication, distribution, etc. | Ilahabad |
| Name of publisher, distributor, etc. | Smrati Prakashan |
| Date of publication, distribution, etc. | 1981 |
| 300 ## - PHYSICAL DESCRIPTION | |
| Extent | 14138 p |
| 365 ## - TRADE PRICE | |
| Price amount | 20 |
| Currency code | INR |
| 563 ## - BINDING INFORMATION | |
| Binding note | HB |
| 650 ## - SUBJECT ADDED ENTRY--TOPICAL TERM | |
| Topical term or geographic name entry element | Hindi Dictionary |
| 9 (RLIN) | 198423 |
| 942 ## - ADDED ENTRY ELEMENTS (KOHA) | |
| Source of classification or shelving scheme | Dewey Decimal Classification |
| Koha item type | Book |
| Withdrawn status | Lost status | Source of classification or shelving scheme | Damaged status | Not for loan | Collection code | Home library | Current library | Date acquired | Cost, normal purchase price | Total Checkouts | Full call number | Barcode | Date last seen | Price effective from | Koha item type |
|---|---|---|---|---|---|---|---|---|---|---|---|---|---|---|---|
| Dewey Decimal Classification | Hindi | St Aloysius Library | St Aloysius Library | 02/26/2003 | 20.00 | H491.3 BAHB | BB03976 | 07/08/2021 | 07/08/2021 | Book Bank |